| 000 | 00829nam a22002057a 4500 | ||
|---|---|---|---|
| 005 | 20251108175603.0 | ||
| 008 | 250721s2017 xx 000 0 ara d | ||
| 082 | 1 | 4 | _aم/216.393/خصا |
| 100 | 1 | _aالخصاف، أبو بكر أحمد بن عمر بن مهير الشيباني | |
| 245 | 1 | 0 | _aاحكام الوقف و الصدقات / |
| 264 | 1 |
_aبيروت : _bمؤسسة الرسالة ناشرون، _c2017. |
|
| 300 | _a664ص | ||
| 500 | _aأصل هذا الكتاب رسالة علمية نال بها المحقق درجة الدكتوراه في القانون والفقه وأصوله بتقدير جيد جداً | ||
| 650 | 1 | 7 | _aالفقه الاسلامي |
| 650 | 1 | 7 | _aالوقف |
| 650 | 1 | 7 | _aالصدقة |
| 700 | 1 |
_aالبداح، صبح عقلة _eمحقق |
|
| 942 |
_2ddc _cREF |
||
| 999 |
_c137635 _d137635 |
||